000 00340nam a2200133Ia 4500
005 20240425024813.0
008 240331s9999 xx 000 0 und d
082 _bMAR
_a331
245 0 _aMarga :
_bquarterly journal
_cMarga Institute
260 _a Dehiwala
_bMarga Institute
_c1993
300 _aix, 87 p.,
650 _aEconomics
942 _cL
999 _c2596
_d2596